Score 0/43 Timer 20:00
9 Plays Today
Hint Answer % Correct
What is Dwight's Middle name?Kurt
92.3%
The name of Angela's cat Dwight killsSprinkles
90.2%
The name of the cat Dwight tries to give AngelaGarbage
83.8%
I've had three affairsStanley Hudson
83.1%
I thought Phyllis was a lesbian when she got her hair cut shortMichael
82.4%
This office worker originally applied for a job in the warehouseKevin
80.5%
Karen became regional manager at this Dunder Mifflin branchUtica
75.9%
The minority executiveKelly
73.4%
I originally worked in the steel industry before Dunder MifflinCharles Minor
66.6%
At one point, this character's license plate read 'NEW MGR'Creed Bratton
64.4%
I was fired in the episode 'Halloween'Devin
61.7%
This actress appeared both in The Office and Parks and RecreationRashida Jones
61.4%
This character sells valuables on eBayMeredith
60.2%
Who hired Darryl?Ed Truck
56.3%
The theme of Pam and Jim's room at Dwight's bed and breakfastIrrigation
55.3%
What is the name of Holly's boyfriend in Nashua?AJ
52.6%
What movie was the office watching for movie Mondays when interrupted by Jan?Varsity Blues
52.2%
What is Dwight's salary in his fantasy about a B&B in Hell?$80,000
46.3%
Who was the ex-convict?Martin
43.8%
I am allergic to walnutsKevin
40.4%
What is the boom microphone operator who was fired in season 9Brian
38.5%
What is Roy's brother's name?Kenny
37.9%
Hint Answer % Correct
What is Pam's middle name?Morgan
37.3%
What type of car does Dwight drive?1987 Pontiac Trans Am
37%
Dwight, Andy, and Erin play/sing this song together in the break roomCountry Roads
37%
I drive a red Chevy Corvette Todd Packer
36.2%
I am allergic to peanutsDeangelo Jeremitrius Vickers
35.5%
Michael identifies with this actor/actressMeryl Streep
34.8%
What is the name of Toby's fictional detective in his novel?Chad Flenderman
32%
Creed Bratton transfers his debt to this alter egoWilliam Charles Schneider
31.5%
This character hates monkeysMichael
31.1%
What is Ryan's middle name?Bailey
29.6%
I went to the same high school as TobyKaty
25.5%
What famous singer does Andy say owns the same Mac as Erin?Gwen Stefani
23.2%
What is the name of the assistant who Will Ferrell's character hires?Jordan
22.6%
This inn was put out of business by bad reviews on Trip AdvisorThe Stalk Inn
22.6%
Which Harry Potter book was Dwight reading to Jim and Pam at his farm?The Deathly Hallows
22.1%
Michael's nickname for the warehouseThe **** House
21.8%
What is Dwight's mom's name?Hetta
21.6%
What is Holly's middle name?Partridge
17.5%
What is the name of the supermarket were Michael finds out Jan is pregnant?Gerrity's
8.7%
Donna's husband's nameShane
8.2%
This episode was guest directed by The Force Awakens director JJ AbramsCocktails
6.9%
Come Together.
Have Fun.
All Virtual.
We all need to come together. Play Sporcle's virtual live trivia to have fun, connect with people, and get your trivia on. Join a live hosted trivia game for your favorite pub trivia experience done virtually. If a virtual private party is more your thing, go here for details.

You're not logged in!

Compare scores with friends on all Sporcle quizzes.
OR
Log In

Sporcle TV

Today on Sporcle TV


Watch our educational content, quiz creation guides, and fun videos on Sporcle TV.

Show Comments

Extras

Top Quizzes Today


Score Distribution

Paid Content

Your Account Isn't Verified!

In order to create a playlist on Sporcle, you need to verify the email address you used during registration. Go to your Sporcle Settings to finish the process.

Report this User

Report this user for behavior that violates our Community Guidelines.

Details: